000 00868ncm a2200217 u 4500
001 000394000
003 AM-YeHGA
005 20250618072341.0
008 041209s1913 ai |||||||||||||||||arm|d
040 _aAM-YeHGA
041 0 _aarm
080 _a784.94
100 1 _aՄելիքյան, Ռոմանոս Հովակիմի,
_d1883-1935
_93341
245 1 0 _aԵրաժշտական այբբենարան :
_bԴասագիրք երգ-ձայնագրութեան /
_cՌ. Մելիքեան, Ա. Մանուկեան.
260 _aС.-Петербург :
_bтип. Э. фришмутъ и К-о,
_c1913.
300 _aՄաս ; :
_bՆոտա ;
_c23 սմ.
505 1 0 _gՄաս առաջին(1913, 32 էջ, ն) :
_t(Դիատօնիզմ)
650 1 4 _aԵրաժշտություն
_vԴասագիրք
700 1 _aՄանուկեան, Ազատ.
_eԿոմպոզիտոր
_4cmp
090 _c150776
999 _c149387
_d149387